<?xml version="1.0" encoding="UTF-8"?>
<record
    xmlns:xsi="http://www.w3.org/2001/XMLSchema-instance"
    xsi:schemaLocation="http://www.loc.gov/MARC21/slim http://www.loc.gov/standards/marcxml/schema/MARC21slim.xsd"
    xmlns="http://www.loc.gov/MARC21/slim">

  <leader>02221nam a22002657a 4500</leader>
  <controlfield tag="005">20240307112050.0</controlfield>
  <controlfield tag="008">240307b           ||||| |||| 00| 0 eng d</controlfield>
  <datafield tag="020" ind1=" " ind2=" ">
    <subfield code="a">9789353945220</subfield>
  </datafield>
  <datafield tag="040" ind1=" " ind2=" ">
    <subfield code="c">AL</subfield>
  </datafield>
  <datafield tag="041" ind1=" " ind2=" ">
    <subfield code="a">eng</subfield>
  </datafield>
  <datafield tag="082" ind1=" " ind2=" ">
    <subfield code="2">23</subfield>
    <subfield code="a">339</subfield>
    <subfield code="b">BLAM</subfield>
  </datafield>
  <datafield tag="100" ind1=" " ind2=" ">
    <subfield code="a">Olivier Blanchard</subfield>
    <subfield code="9">153367</subfield>
  </datafield>
  <datafield tag="245" ind1=" " ind2=" ">
    <subfield code="a">Macro Economics</subfield>
  </datafield>
  <datafield tag="250" ind1=" " ind2=" ">
    <subfield code="a">7</subfield>
  </datafield>
  <datafield tag="260" ind1=" " ind2=" ">
    <subfield code="a">Noida </subfield>
    <subfield code="b">Pearson</subfield>
    <subfield code="c">2023</subfield>
  </datafield>
  <datafield tag="300" ind1=" " ind2=" ">
    <subfield code="a">564p.</subfield>
    <subfield code="b">PB</subfield>
    <subfield code="c">24x20cm.</subfield>
  </datafield>
  <datafield tag="365" ind1=" " ind2=" ">
    <subfield code="2">Economics</subfield>
    <subfield code="a">8111</subfield>
    <subfield code="b">608.00</subfield>
    <subfield code="c">&#x20B9;</subfield>
    <subfield code="d">760.00</subfield>
    <subfield code="e">20%</subfield>
    <subfield code="f">27-02-2024</subfield>
  </datafield>
  <datafield tag="520" ind1=" " ind2=" ">
    <subfield code="a">In Macroeconomics, Blanchard presents a unified, global view of macroeconomics, enabling students to see the connections between goods markets, financial markets, and labor markets worldwide. Organized into two parts, the text contains a core section that focuses on short-, medium-, and long-run markets and three major extensions that offer more in-depth coverage of the issues at hand. From the major economic crisis and monetary policy in the United States, to the problems of the Euro area and growth in China, the text helps students make sense not only of current macroeconomic events but also of events that may unfold in the future.Distinguished Authorship. Olivier Blanchard is one of Pearson&#x2019;s most notable economics authors and brings his years of experience and research of macroeconomic issues, including time as the chief economist at the International Monetary Fund, to the text. Comprehensive coverage of current events. Current macroeconomic events (such as Changes in the U.S. Natural Rate of Unemployment since 1990) are integrated into each chapter of the book within the text and detailed boxes. Each box shows students how they can use what they&#x2019;ve learned to get an understanding of economics in the real world. Implications of the Equilibrium Model. Blanchard offers a unique, underlying model that shows the implications of equilibrium in three sets of markets: the goods market, the financial market, and the labor market, helping students understand the impact of equilibrium.</subfield>
  </datafield>
  <datafield tag="650" ind1=" " ind2=" ">
    <subfield code="a">Financial Markets</subfield>
    <subfield code="9">153355</subfield>
  </datafield>
  <datafield tag="650" ind1=" " ind2=" ">
    <subfield code="a">Labor Market</subfield>
    <subfield code="9">153356</subfield>
  </datafield>
  <datafield tag="650" ind1=" " ind2=" ">
    <subfield code="a">Fiscal Policy</subfield>
    <subfield code="9">153357</subfield>
  </datafield>
  <datafield tag="650" ind1=" " ind2=" ">
    <subfield code="a">Unemployment</subfield>
    <subfield code="9">153358</subfield>
  </datafield>
  <datafield tag="700" ind1=" " ind2=" ">
    <subfield code="a">BLANCHARD (Olivier)</subfield>
    <subfield code="9">153359</subfield>
  </datafield>
  <datafield tag="942" ind1=" " ind2=" ">
    <subfield code="2">ddc</subfield>
    <subfield code="c">BK</subfield>
  </datafield>
  <datafield tag="999" ind1=" " ind2=" ">
    <subfield code="c">230133</subfield>
    <subfield code="d">230133</subfield>
  </datafield>
  <datafield tag="952" ind1=" " ind2=" ">
    <subfield code="0">0</subfield>
    <subfield code="1">0</subfield>
    <subfield code="2">ddc</subfield>
    <subfield code="4">0</subfield>
    <subfield code="7">0</subfield>
    <subfield code="8">ECO</subfield>
    <subfield code="a">AL</subfield>
    <subfield code="b">AL</subfield>
    <subfield code="d">2024-03-04</subfield>
    <subfield code="e">Biblios Book Point Surathkal Mangalore 575014</subfield>
    <subfield code="g">608.00</subfield>
    <subfield code="l">0</subfield>
    <subfield code="o">339 BLAM</subfield>
    <subfield code="p">077170</subfield>
    <subfield code="r">2024-03-07 00:00:00</subfield>
    <subfield code="v">760.00</subfield>
    <subfield code="w">2024-03-07</subfield>
    <subfield code="y">BK</subfield>
  </datafield>
</record>
